Ríos de Francia con un mapa - Estadísticas

Estadísticas generales
  • Esta prueba ha sido intentada 179 veces
  • La puntuación promedio es 7 de 21
Respuestas en el mapa
Las respuestas están codificadas por una escala verde-roja en el mapa de la prueba según el % correcto abajo.
 
Estadísticas de respuestas
Río Longitud (km) % Correcto
Sena 775
95%
Loir 319
94%
Loira 1006
71%
Ródano 545
63%
Garona 523
60%
Marne 514
29%
Mosela 314
28%
Mosa 486
25%
Saona 473
25%
Dordoña 483
20%
Cher 365
18%
Lot 485
18%
Tarn 380
17%
Oise 327
16%
Vienne 372
16%
Allier 421
15%
Charente 381
15%
Aisne 356
13%
Doubs 430
10%
Sarthe 314
9%
Durance 323
7%
No se encontraron pruebas coincidentes
Distribución de puntuación
Porcentaje de gente con cada puntuación
Porcentaje por número respondido
Historial de tus puntuaciones
No has intentado esta prueba.